| 000 | 00658nam a2200241Ia 4500 | ||
|---|---|---|---|
| 008 | 160319s9999 xx 000 0 und d | ||
| 020 | _a9781845395186 | ||
| 050 | _aFic | ||
| 050 | _b.B482w 2004 | ||
| 100 | _aBernatene, Poly | ||
| 245 | _aWhich witch's wand works? / | ||
| 245 | _c illustrated by Poly Bernatene. | ||
| 260 | _aLondon : | ||
| 260 | _bMeadowside. | ||
| 260 | _c2004 | ||
| 300 | _a 24 pages : | ||
| 300 | _bchiefly color illustrations ; | ||
| 300 | _c24 cm | ||
| 650 | _aTelevision programs -- Pictorial works -- | ||
| 650 | _aWitches -- Pictorial works -- | ||
| 650 | _xJuvenile fiction. | ||
| 650 | _xJuvenile fiction. | ||
| 999 |
_c292033 _d292033 |
||